00550nam a2200193 a 450000500170000000800410001702000180005805000230007610000220009924500770012125000120019826000510021030000320026152100090029354600100030254600100031265000130032270000210033520140310183319.0060117s19uu xx 00 eng d a0 412 60820 0 aHG 106b.W337 1997 aWatsham, Terry J. aQuantitative methods in finance /cTerry J. Watsham and Keith Parramore. a1st ed. c1997.aMandaluyong City :bMutual Books Inc. , ax, 393 p. :bill. ;c21 cm. aBSBA aC6673 aC6672 aFinance. aParramore, Keith